000 04104nab a22008057 4500
003 AR-RoUNA
022 _a0327-9022
040 _aAR-RoUNA
_bspa
041 _aspa
044 _aag
245 _aSumma+ /
_bPIELES
260 _aBuenos Aires ,
_c1993
300 _a128 p. :
_bil. byn.
_bplanos
_c34 X25 cm.
505 0 _tINDICE
505 0 _tPIELES - ESTADOS UNIDOS
505 0 _tFRENTE CALLADO
505 0 _aMorhosis; Thom Mayne / Edificio Academico para La Cooper Union 41 cooper square, Manhattan, 2009. p. 4
505 0 _tPIELES -CANADA
505 0 _tINCRUSTACIONES
505 0 _aStudio Daniel Libeskind / Ampliacion del Museo real de Ontario, Canadá, 2007. p. 16
505 0 _aFernando Diez / Tensión Superficial. p. 22
505 0 _tPIELES - ESPAÑA
505 0 _tUN PROGRAMA INCÓMODO
505 0 _aHéctora Fernández - Elorza / Edificio de Laboratorios y Almacenes Químicos Universidad de Alcalá - UAH, Madrid, España, 2009. p. 24
505 0 _tPIELES - BUENOS AIRES
505 0 _tCONSTRUCCIÓN RELÁMPAGO
505 0 _aEsteban -Gaffuri -Torrado -Tannenbaum / Instituto Modelo del Sur nivel primario, provicnia de Buenos Aires, 2010. p. 30
505 0 _tPIELES - SUECIA
505 0 _tANEXO CONTEMPORÁNEO
505 0 _aTham & Videgard Arkitekter / Moderna Museet Malmó, Suecia, 2009. p. 36
505 0 _tPIELES - BRASIL
505 0 _tTEXTURA CALIGRÁFICA
505 0 _aIsay Weinfeld arq. / Edificio Midrash, Río de Janeiro, 2009. p. 42
505 0 _tPIELES - ALEMANIA
505 0 _tCURVAS CROMÁTICAS
505 0 _aSauerbruch Hutton / KFW Westarkade, Frankfurt, 2010. p. 46
505 0 _tPIELES - CHILE
505 0 _tVELO METÁLICO
505 0 _aFelipe Assadi, Francisca Pulido, David Zapata / Edificio Gen, Santiago Centro, 2010. p. 52
505 0 _tPIELES - BUENOS AIRES
505 0 _tFONDO BLANCO
505 0 _aDaniel Szuldman- Mario Zambonini- Domingo Melendo / Edifioc Avenida Libertador 5962, C. A. de Buenos Aires, 2009. p. 58
505 0 _aDavid Leatherbarrow y Mhsen Mostafavi / La apariciencia del revestimiento. p. 64
505 0 _tPIELES - SHANGHÄI 2010
505 0 _tLIGERA Y LUMINOSA
505 0 _aHeatherwick Studio / Pabellón del Reino Unido en la Exposición Universal Sahanghái, China, 2010. p. 80
505 0 _tCOMPONENTE ARTESANAL
505 0 _aMiralles -Taglianbue -EMBT / Pabellón de España en la exposición Universal Shanghái, China, 2010. p. 84
505 0 _tCUENCO DE ESCAMAS
505 0 _aJkmm architects / Pabellón de Filandia en la exposición Universal Shanghai, China, 2009. p. 88
505 0 _aLuis O´Grady / Política y arquitectura: una conversacion con Adrés Jaque. p. 92
505 0 _aAndrés Jaque Arqs. / Casa en Never Never Land, Ibiza, España, 2009. p. 98
505 0 _aAndrés Jaque Arqs - Miguel de Guzmán y Enrique Krahe / Casa Sacerdotal Diocesana de Plasencia, Extremadura, España, 2004. p. 104
505 0 _aAndrés Jaque Arqs. / Tupper Home, Madrid, España, 2007. p. 108
505 0 _aAndrés Jaque Arqs. / Prototipo de vivienda compartida The Rolling House, 2009. p. 110
505 0 _aLestard -Cajide -Janches / Módulos de reinserción. p. 112
505 0 _aDébora Cerchiara / Juego de acontecimientos. p. 114
505 0 _aIgnacio Ros de Olano / Olympia en Papel. p. 117
505 0 _aLuis O´Grady / Torono a puertas abiertas. p. 118
505 0 _aRafael E. J. Iglesia y Sandra Rua / Poniendo las cosas en ¨Orden¨. p. 120
505 0 _aRoberto Fernández / Sobre el texto ensamble de una estética central y una construcción periférica: las torres siamesas de Aravena en Santiago. p. 123
505 0 _aMario Sabugo / Y la nave va: algo más sobre Le Corbusier en 1929. p. 126
505 0 _aAlberto Campo Baeza / Escribir en el agua, dibujar en el aire. p. 128
650 _aArquitectura contemporánea
773 0 _aSumma+
_dBuenos Aires, Argentina
_gNº110 (jul-2010), p. 128
_x0327-9022
908 _aImp
942 _2udc
_cART
945 _aMBP
_d2022-07-08
980 _8138
_gCarolina Rainero
_6138
_aCarolina Rainero
999 _c12174
_d12174